00571nam a22001817a 4500003000400000005001700004008004100021020001500062040000700077082000800084100003100092245002800123260004600151300002800197942001800225999001700243952012900260OSt20211231145741.0211231b |||||||| |||| 00| 0 eng d a0706909666 cHU a330 a Sundharam, K. P. M926650 aPrinciples of economics aNew Delhi bAgra, Ratan Prakashan Mandir  a 650 pagesbPCc 22 cm 2ddccBOOKSn0 c25586d25586 00102ddc40708REFa004b004cGENd2021-12-31l0o330 SUM 1979pWGCFNRL00007530r2021-12-31 00:00:00t1w2021-12-31yBOOKS